Statistics on commodities 2001.
| Format: | Book |
|---|---|
| Published: |
Kuala Lumpur:
Ministry of Primary Industries Malaysia,
2001.
|
| Edition: | 15th ed. |
| Subjects: |
| LEADER | 00485cam a2200157 7i4500 | ||
|---|---|---|---|
| 001 | 0000012004 | ||
| 005 | 20030422090000.0 | ||
| 022 | 0 | 0 | |a 13945882 |
| 090 | 0 | 0 | |a STAT 338.02 |b STA (M) |
| 245 | 0 | 0 | |a Statistics on commodities 2001. |
| 250 | 0 | 0 | |a 15th ed. |
| 260 | 0 | 0 | |a Kuala Lumpur: |b Ministry of Primary Industries Malaysia, |c 2001. |
| 300 | # | # | |a 203 p. |
| 650 | 0 | 0 | |a Commercial products -- |x Statistics -- |z Malaysia |
| 651 | 0 | 0 | |a Malaysia |
| 999 | |a 0000014665 |b Book |c Statistics |e Business Information Centre | ||